000 00431nam a2200181Ia 4500
001 25246
005 20260414151137.0
008 260414t2007||||xx |||||||||||||| ||spa||
041 _aESP
082 _a346.41
_bG71
100 _aGonzalez Linares, Nerio
_eAUT
245 0 _aDerecho civil patrimonial
_b
260 _c2007
300 _a899 páginas :
_c24 cm.
650 _aDER
654 _aCDE
942 _cLIB
_dJUS
_fJUS
_2ddc
_n
999 _c25246
_d25246